Několik poznámek k pojetí lidského kapitálu
Čo je to ľudský kapitál. Charakteristika spoločenského kapitálu, organizačného kapitálu a intelektuálneho kapitálu. Význam teórie ľudského kapitálu. Aplikácia teórie ľudského kapitálu v demografii.
Salvato in:
| Autore principale: | |
|---|---|
| Natura: | Capitolo di libro |
| Lingua: | ceco |
| Soggetti: | |
| Tags: |
Nessun Tag, puoi essere il primo ad aggiungerne!!
|
MARC
| LEADER | 00000naa a2200000 4500 | ||
|---|---|---|---|
| 001 | 0120803 | ||
| 005 | 20220516131614.2 | ||
| 041 | 0 | |a cze | |
| 044 | |a CZ | ||
| 245 | 1 | 0 | |a Několik poznámek k pojetí lidského kapitálu |c Josef Koubek |
| 520 | |a Čo je to ľudský kapitál. Charakteristika spoločenského kapitálu, organizačného kapitálu a intelektuálneho kapitálu. Význam teórie ľudského kapitálu. Aplikácia teórie ľudského kapitálu v demografii. | ||
| 610 | 2 | 0 | |a kapitál ľudský |
| 610 | 2 | 0 | |a kapitál intelektuálny |
| 610 | 2 | 0 | |a kapitál sociálny |
| 610 | 2 | 0 | |a zdroje ľudské |
| 610 | 2 | 0 | |a organizácie |
| 610 | 2 | 0 | |a vzdelanie |
| 610 | 2 | 0 | |a reprodukcia |
| 610 | 2 | 0 | |a demografia |
| 100 | 1 | |a Koubek, Josef | |